000 00874nam a2200289Ia 4500
001 91911
003 IT-RoPAU
008 130308s9999 xx 000 0 und d
040 _aIT-RoPAU
040 _cIT-RoPAU
041 _aITALIANO
100 _aIovino Paolo
100 _gCodice Aut. SPICS: 32135
245 _aPaolo: esperienza e teoria della missione
245 _bMissione nel Mondo Antico e nella Bibbia (La)
250 _a1a ed.
260 _aBOLOGNA
260 _bEDB - Edizioni Dehoniane
260 _c1990 [1° Ed.:1990 - Ed.Ling.Originale:1988]
300 _a"29 p. (prefazione: no ; testo: 29 [pagine: 155-183])"
500 _aTesto di 1 Cor.9,19 23 notazioni Letterarie linee Interpretative Sviluppo Teologico
650 _aSTUDI/COMMENTI SULLA BIBBIA
650 _eCodice materia Spics: 9052
942 _cBK
957 _71
999 _c86832
_d86832
999 _g1